| 000 | 01463nam a22003731i 4500 | ||
|---|---|---|---|
| 001 | bslw10080537 | ||
| 005 | 20240305165656.0 | ||
| 006 | m o d | ||
| 007 | cr un ---uuuua | ||
| 008 | 230818t20232023sp ob 000 0 spa d | ||
| 020 | _a9788411700252 | ||
| 020 |
_a9788411700429 _q(ISBN electrónico) |
||
| 035 | _a38831 | ||
| 040 |
_aUtOrBLW _beng _erda _cUtOrBLW |
||
| 050 | 4 |
_aP96.C74 _bM36 2023 |
|
| 082 | 0 | 4 |
_a364 _223 |
| 100 | 1 |
_aManes, Vittorio, _eauthor. |
|
| 245 | 1 | 0 |
_aJusticia mediática : _blos efectos perversos sobre los derechos fundamentales y el proceso justo / _cVittorio Manes ; traducción y comentarios por: José Antonio Posada Pérez. |
| 264 | 1 |
_aMadrid : _bDykinson, S.L., _c[2023] |
|
| 264 | 4 | _c©2023 | |
| 300 | _a1 online resource (150 pages) | ||
| 336 |
_atext _btxt _2rdacontent |
||
| 337 |
_acomputer _bc _2rdamedia |
||
| 338 |
_aonline resource _bcr _2rdacarrier |
||
| 490 | 1 | _aColección "Monografís de Derecho Penal" | |
| 500 | _aTranslation of: Giustizia mediatica. Gli effetti perversi sui diritti fondamentali e sul giusto processo. Editorial il Mulino, 2022. | ||
| 504 | _aIncludes bibliographical references. | ||
| 650 | 0 | _aMass media and criminal justice. | |
| 650 | 0 | _aFree press and fair trial. | |
| 650 | 0 |
_aMass media _xSocial aspects. |
|
| 700 | 1 |
_aPosada Pérez, José Antonio, _etranslator, _ewriter of added commentary. |
|
| 856 | 4 | 0 | _uhttps://app.vlex.com/#/sources/38831 |
| 942 | _cRAA | ||
| 999 |
_c173129 _d173129 |
||